| 000 | 00709nam a2200277Ia 4500 | ||
|---|---|---|---|
| 001 | 23439 | ||
| 005 | 20240114000723.0 | ||
| 007 | ta | ||
| 008 | 060328s1956 a g b000 u asm u | ||
| 040 | _aCotton College,Assam | ||
| 041 | _aasm | ||
| 082 |
_aB 288 P _bB 288 P |
||
| 100 | _aBarua, Jogendra Nath. | ||
| 245 | 0 |
_aParamanu Jagat / _cJogendra Nath Barua. _hTextual Documents |
|
| 250 | _a1st ed. / | ||
| 260 |
_aJorhat (Assam) : _bGraduate Stores , _c1956. |
||
| 300 |
_a89p. : _bill ; _c18cm . |
||
| 653 | _aPhysics | ||
| 653 | _aAtomic Physics | ||
| 653 | _aG-Physics | ||
| 653 | _aT/G-Physics | ||
| 942 |
_2ddc _cBK |
||
| 999 |
_c23421 _d23421 |
||